[Event "PRAGUE OPEN 2020 - A - IM open"]
[Site "Praha, Olympik hotel"]
[Date "2020.01.12"]
[Round "4"]
[White "NIECHOTZ, Christopher"]
[Black "ROMANESCO, Roel"]
[Result "1-0"]
[WhiteElo "2107"]
[BlackElo "1856"]
[PlyCount "49"]
[EventDate "2020.01.10"]

1. c4 e6 2. g3 d5 3. Bg2 Nf6 4. Nf3 Be7 5. d4 Nc6 6. O-O O-O 7. b3 Ne4 8. Bb2
f5 9. e3 Qe8 10. Ne1 Bf6 11. f3 Nd6 12. Nd2 e5 13. cxd5 exd4 14. e4 Nd8 15. Nd3
b6 16. Re1 fxe4 17. fxe4 Qb5 18. Nf3 Nxe4 19. Rxe4 Bf5 20. a4 Qa6 21. Nb4 Qa5
22. Rf4 Qxb4 23. Rxf5 c5 24. dxc6 Nxc6 25. Ba3 1-0

[Event "PRAGUE OPEN 2020 - A - IM open"]
[Site "Praha, Olympik hotel"]
[Date "2020.01.12"]
[Round "4"]
[White "AIRD, Ian"]
[Black "ADAMKO, Peter"]
[Result "1-0"]
[WhiteElo "1857"]
[BlackElo "2082"]
[PlyCount "59"]
[EventDate "2020.01.10"]

1. e4 c5 2. Nf3 Nc6 3. Bb5 a6 4. Bxc6 bxc6 5. O-O e6 6. Re1 Ne7 7. e5 Ng6 8.
Nc3 f6 9. d4 cxd4 10. Qxd4 fxe5 11. Nxe5 Nxe5 12. Qxe5 d6 13. Qe4 Bd7 14. Bf4
d5 15. Qd4 Qf6 16. Be5 Qg6 17. Na4 Be7 18. Nc5 Bxc5 19. Qxc5 Rf8 20. Re3 Rf7
21. Rae1 Qf5 22. Rf3 Qh5 23. Rxf7 Kxf7 24. Qd6 Rd8 25. h3 Qh4 26. Re3 Qe7 27.
Rf3+ Ke8 28. Qc7 Rc8 29. Qa5 c5 30. Qxa6 1-0

[Event "PRAGUE OPEN 2020 - A - IM open"]
[Site "Praha, Olympik hotel"]
[Date "2020.01.12"]
[Round "4"]
[White "BILEK, Roman"]
[Black "NEMEC, Jachym"]
[Result "0-1"]
[WhiteElo "1827"]
[BlackElo "1988"]
[PlyCount "62"]
[EventDate "2020.01.10"]

1. e4 c5 2. Nf3 d6 3. d4 cxd4 4. Nxd4 Nf6 5. Nc3 a6 6. Be2 e5 7. Nb3 Be7 8. O-O
O-O 9. a4 Be6 10. Be3 Nbd7 11. a5 Rc8 12. f3 Qc7 13. Qd2 h6 14. Rfd1 Kh8 15.
Bf1 Rg8 16. Nc1 g5 17. Kh1 Nf8 18. Nd3 Ng6 19. Nb4 g4 20. Bb6 Qd7 21. Qxh6+ Nh7
22. Nbd5 Bxd5 23. Nxd5 gxf3 24. gxf3 Rxc2 25. Bh3 Qb5 26. Rdc1 Bg5 27. Qh5 Bxc1
28. Nf6 Rg7 29. Nxh7 Rxh7 30. Qg4 Qe2 31. Bg1 Nf4 0-1

[Event "PRAGUE OPEN 2020 - A - IM open"]
[Site "Praha, Olympik hotel"]
[Date "2020.01.12"]
[Round "4"]
[White "BACAK, Petr"]
[Black "KONVALINKA, Vladislav"]
[Result "1/2-1/2"]
[WhiteElo "1930"]
[BlackElo "1733"]
[PlyCount "48"]
[EventDate "2020.01.10"]

1. e4 e6 2. d4 d5 3. Nc3 Nf6 4. e5 Nfd7 5. f4 c5 6. Nf3 Nc6 7. Be3 Be7 8. Qd2
a6 9. dxc5 Nxc5 10. O-O-O b5 11. Bxc5 Bxc5 12. Ne2 Bb7 13. Ned4 Qb6 14. Kb1 Rc8
15. Nxc6 Be3 16. Qd3 Bxc6 17. f5 exf5 18. Qxf5 Bd7 19. Qd3 Be6 20. Be2 O-O 21.
Nd4 Bf4 22. Nxe6 fxe6 23. Qh3 Bxe5 24. Rhe1 Rf6 1/2-1/2

[Event "PRAGUE OPEN 2020 - A - IM open"]
[Site "Praha, Olympik hotel"]
[Date "2020.01.12"]
[Round "4"]
[White "JOHANNSDOTTIR, Johanna Bjorg"]
[Black "SYSEL, Jaroslav"]
[Result "1/2-1/2"]
[WhiteElo "1929"]
[BlackElo "1722"]
[PlyCount "44"]
[EventDate "2020.01.10"]

1. e4 c6 2. d3 d5 3. Nd2 dxe4 4. dxe4 g6 5. Ngf3 Bg7 6. Bc4 e6 7. O-O Ne7 8.
Re1 O-O 9. e5 b5 10. Bb3 Bb7 11. Qe2 Nd7 12. Nd4 Qc7 13. N2f3 a6 14. Bg5 Nc5
15. Qe3 Nxb3 16. axb3 c5 17. Bf6 Nd5 18. Qg5 h6 19. Qh4 Bxf6 20. exf6 Qf4 21.
Qxf4 Nxf4 22. Re3 Nd5 1/2-1/2

[Event "PRAGUE OPEN 2020 - A - IM open"]
[Site "Praha, Olympik hotel"]
[Date "2020.01.12"]
[Round "4"]
[White "KALVACH, Ladislav"]
[Black "PAVLICEK, Petr"]
[Result "1/2-1/2"]
[WhiteElo "1734"]
[BlackElo "1924"]
[PlyCount "26"]
[EventDate "2020.01.10"]

1. c4 Nf6 2. Nf3 g6 3. g3 Bg7 4. Bg2 O-O 5. O-O d5 6. cxd5 Nxd5 7. Qb3 Nc6 8.
d3 Nb6 9. Nc3 Bg4 10. Be3 Qd7 11. a4 Be6 12. Qa3 Nd5 13. Nxd5 Bxd5 1/2-1/2

[Event "PRAGUE OPEN 2020 - A - IM open"]
[Site "Praha, Olympik hotel"]
[Date "2020.01.12"]
[Round "4"]
[White "SOLBU, Lasse Tveter"]
[Black "SHEHZAD, Alisha"]
[Result "1-0"]
[WhiteElo "1898"]
[BlackElo "1696"]
[PlyCount "55"]
[EventDate "2020.01.10"]

1. e4 c5 2. Nc3 Nc6 3. f4 g6 4. Nf3 Bg7 5. Bb5 Nd4 6. O-O e6 7. e5 a6 8. Bd3 d5
9. Nxd4 cxd4 10. Ne2 b5 11. Qe1 Ne7 12. Nxd4 Nf5 13. Bxf5 gxf5 14. d3 O-O 15.
Be3 Bb7 16. Bf2 Kh8 17. Qe2 Qc7 18. Qh5 Rg8 19. Rae1 Bf8 20. Bh4 Rg6 21. Bf6+
Bg7 22. Re3 Bxf6 23. exf6 Rxf6 24. Rh3 h6 25. Qg5 Rg6 26. Rxh6+ Rxh6 27. Qxh6+
Kg8 28. Rf3 1-0

[Event "PRAGUE OPEN 2020 - A - IM open"]
[Site "Praha, Olympik hotel"]
[Date "2020.01.12"]
[Round "4"]
[White "ACEVEDO MENDEZ, Lisseth"]
[Black "TURP, Hueseyin"]
[Result "1-0"]
[WhiteElo "1864"]
[BlackElo "1578"]
[PlyCount "61"]
[EventDate "2020.01.10"]

1. e4 c6 2. Nf3 d5 3. Nc3 d4 4. Ne2 c5 5. d3 Nc6 6. c3 e5 7. Bd2 Bd6 8. Ng3 h6
9. h4 Nf6 10. h5 Bg4 11. Be2 Qd7 12. Nh4 Ne7 13. Bxg4 Nxg4 14. Nhf5 Nxf5 15.
Nxf5 Nf6 16. Nxg7+ Kd8 17. Qf3 Ng8 18. Nf5 Bf8 19. Qg3 Qe6 20. cxd4 cxd4 21.
Rc1 Rc8 22. Rxc8+ Kxc8 23. O-O Nf6 24. Rc1+ Kd7 25. Qf3 Ne8 26. Qd1 a6 27. Qa4+
b5 28. Qc2 Kd8 29. Ba5+ Nc7 30. Qxc7+ Ke8 31. Qd8# 1-0

[Event "PRAGUE OPEN 2020 - B - FIDE open"]
[Site "Praha, Olympik hotel"]
[Date "2020.01.12"]
[Round "4"]
[White "PALKA, Miroslav"]
[Black "KOLMAS, Oldrich"]
[Result "1/2-1/2"]
[WhiteElo "1860"]
[BlackElo "1711"]
[PlyCount "32"]
[EventDate "2020.01.10"]

1. c4 Nf6 2. Nc3 e6 3. e4 Nc6 4. Nge2 d5 5. cxd5 exd5 6. exd5 Nxd5 7. g3 Nxc3
8. dxc3 Qxd1+ 9. Kxd1 Bg4 10. Bg2 O-O-O+ 11. Ke1 Re8 12. Be3 Ne5 13. h3 Bxe2
14. Kxe2 Nc4 15. Rhe1 Nxe3 16. fxe3 Bc5 1/2-1/2

[Event "PRAGUE OPEN 2020 - B - FIDE open"]
[Site "Praha, Olympik hotel"]
[Date "2020.01.12"]
[Round "4"]
[White "TREFILIK, Jiri"]
[Black "JAEGER, Andre"]
[Result "1-0"]
[WhiteElo "1585"]
[BlackElo "1850"]
[PlyCount "67"]
[EventDate "2020.01.10"]

1. e4 c5 2. Nc3 Nc6 3. f4 e6 4. Nf3 a6 5. Be2 d5 6. d3 d4 7. Nb1 Nf6 8. O-O Be7
9. Qe1 b5 10. a4 Rb8 11. Qg3 g6 12. Ne5 Bd7 13. Nxc6 Bxc6 14. f5 gxf5 15. Rf2
Rg8 16. Qf4 Ng4 17. Bxg4 Rxg4 18. Qf3 Kd7 19. h3 Rg6 20. Qh5 Qg8 21. axb5 axb5
22. Qe2 Bh4 23. Rf1 fxe4 24. dxe4 Rb7 25. Nd2 f5 26. Nf3 Bf6 27. exf5 exf5 28.
Bf4 Be4 29. Ra6 d3 30. Rd6+ Kc8 31. cxd3 Bxf3 32. Qxf3 Bd4+ 33. Kh1 Qf8 34.
Qc6+ 1-0

[Event "PRAGUE OPEN 2020 - B - FIDE open"]
[Site "Praha, Olympik hotel"]
[Date "2020.01.12"]
[Round "4"]
[White "MYKISKA, Vojtech"]
[Black "PFLANTZ, Mike"]
[Result "0-1"]
[WhiteElo "1605"]
[BlackElo "1927"]
[PlyCount "58"]
[EventDate "2020.01.10"]

1. d4 Nf6 2. Bf4 c5 3. e3 d5 4. c3 Nc6 5. Bd3 e6 6. Nd2 Bd6 7. Bg3 e5 8. dxe5
Nxe5 9. Bb5+ Bd7 10. Bxd7+ Qxd7 11. Nb3 Qb5 12. Bxe5 Bxe5 13. Ne2 c4 14. Nbd4
Qxb2 15. Rb1 Qxa2 16. Ra1 Qb2 17. Rb1 Qa3 18. Rxb7 O-O 19. O-O Rfb8 20. Rxb8+
Bxb8 21. Qb1 Qd6 22. g3 Qb6 23. Qf5 Bd6 24. Rb1 Qd8 25. Rb7 a5 26. Nb5 Bf8 27.
g4 g6 28. Qb1 Nxg4 29. Ned4 Qh4 0-1

[Event "PRAGUE OPEN 2020 - B - FIDE open"]
[Site "Praha, Olympik hotel"]
[Date "2020.01.12"]
[Round "4"]
[White "KORMANOS, Samuel"]
[Black "ZAMORSKY, Ladislav"]
[Result "0-1"]
[WhiteElo "1494"]
[BlackElo "1804"]
[PlyCount "56"]
[EventDate "2020.01.10"]

1. d4 Nf6 2. c4 c5 3. d5 e6 4. Nc3 exd5 5. cxd5 d6 6. e4 g6 7. Bb5+ Nbd7 8. a4
Bg7 9. Nf3 O-O 10. Bf4 Qc7 11. Bxd7 Bxd7 12. h3 Nxe4 13. Nxe4 Rfe8 14. Qc2 Bf5
15. Nfd2 Bxe4 16. Nxe4 f5 17. O-O Rxe4 18. Be3 Rae8 19. g3 Qf7 20. Rad1 Be5 21.
Rfe1 Bxg3 22. fxg3 Rxe3 23. Rxe3 Rxe3 24. Qf2 Qe7 25. Kf1 Qe4 26. Kg1 Re2 27.
Qf1 Qe3+ 28. Kh1 Rf2 0-1

[Event "PRAGUE OPEN 2020 - B - FIDE open"]
[Site "Praha, Olympik hotel"]
[Date "2020.01.12"]
[Round "4"]
[White "LANG, Anders"]
[Black "AKERMAN, Jan"]
[Result "0-1"]
[WhiteElo "1790"]
[BlackElo "1543"]
[PlyCount "66"]
[EventDate "2020.01.10"]

1. e4 e5 2. Nf3 Nc6 3. Bb5 a6 4. Ba4 Nf6 5. d4 exd4 6. O-O Be7 7. Nxd4 O-O 8.
Re1 b5 9. Bb3 Nxd4 10. Qxd4 d6 11. c3 Bb7 12. Bc2 Nd7 13. Bf4 Bf6 14. Qe3 Re8
15. Nd2 Be5 16. Rad1 Bxf4 17. Qxf4 Qf6 18. Qg3 Qe5 19. f4 Qf6 20. Nf3 Rad8 21.
e5 dxe5 22. fxe5 Qb6+ 23. Nd4 Nf8 24. Kh1 Bc8 25. Re4 c5 26. Nf3 Bf5 27. Nd2
Bxe4 28. Nxe4 Rxd1+ 29. Bxd1 Ng6 30. Bh5 Qc6 31. Bxg6 Qxg6 32. Qd3 h6 33. Qd7
Rxe5 0-1

[Event "PRAGUE OPEN 2020 - B - FIDE open"]
[Site "Praha, Olympik hotel"]
[Date "2020.01.12"]
[Round "4"]
[White "KUBIK, Jaroslav"]
[Black "ROUBAL, Matyas"]
[Result "0-1"]
[WhiteElo "1695"]
[BlackElo "1253"]
[PlyCount "61"]
[EventDate "2020.01.10"]

1. c4 e6 2. Nc3 d5 3. cxd5 exd5 4. Nf3 Nf6 5. e3 Bg4 6. h3 Bh5 7. g4 Bg6 8.
Qa4+ c6 9. Ne5 Bd6 10. Nxg6 hxg6 11. Bg2 Nbd7 12. d4 O-O 13. Bd2 Re8 14. Qc2
Nb6 15. O-O Nc4 16. b3 Nxd2 17. Qxd2 Bb4 18. Qd3 Bxc3 19. Qxc3 Ne4 20. Bxe4
Rxe4 21. f3 Re6 22. Rae1 Qh4 23. Kg2 Rae8 24. Qd3 f5 25. Re2 f4 26. e4 Qg3+ 27.
Kh1 dxe4 28. Rxe4 Rxe4 29. Qc4+ R4e6 30. d5 cxd5 31. Qxd5 0-1

[Event "PRAGUE OPEN 2020 - B - FIDE open"]
[Site "Praha, Olympik hotel"]
[Date "2020.01.12"]
[Round "4"]
[White "ANYA, Seth Syed"]
[Black "MAJZLAN, Blazej"]
[Result "1/2-1/2"]
[WhiteElo "1395"]
[BlackElo "1669"]
[PlyCount "65"]
[EventDate "2020.01.10"]

1. e4 c5 2. Nf3 e6 3. d4 cxd4 4. Nxd4 Nf6 5. Nc3 d6 6. g4 Be7 7. g5 Nfd7 8. h4
a6 9. Bg2 Nc6 10. Be3 Qc7 11. Qe2 b5 12. O-O-O b4 13. Nb1 Na5 14. Nd2 Ne5 15.
f4 Nec4 16. Nxc4 Nxc4 17. Bf2 Bd7 18. h5 Bb5 19. Nxb5 axb5 20. b3 Na3 21. Bd4
Rc8 22. Rd2 e5 23. Bb2 Qc5 24. Bxa3 bxa3 25. Rh3 exf4 26. Rd5 Qg1+ 27. Bf1 O-O
28. g6 Bg5 29. Qxb5 Qf2 30. Rf3 Qe1+ 31. Rd1 Qh4 32. c4 f6 33. Rd4 1/2-1/2

[Event "PRAGUE OPEN 2020 - B - FIDE open"]
[Site "Praha, Olympik hotel"]
[Date "2020.01.12"]
[Round "4"]
[White "REZNY, Frantisek"]
[Black "LOIBL, Johann"]
[Result "0-1"]
[WhiteElo "1512"]
[BlackElo "1817"]
[PlyCount "48"]
[EventDate "2020.01.10"]

1. e4 e5 2. f4 Bc5 3. Nf3 d6 4. d4 exd4 5. Nxd4 Nf6 6. Nc3 O-O 7. Be3 Re8 8.
Qd3 Qe7 9. O-O-O Nxe4 10. Nd5 Qd8 11. Nf3 Bxe3+ 12. Qxe3 Ng3 13. Qc3 Nxh1 14.
Bd3 Nf2 15. Bxh7+ Kxh7 16. Rf1 Ne4 17. Qd3 Kg8 18. Qd4 c6 19. Nc3 d5 20. Qd3
Bf5 21. Nd4 Bh7 22. f5 Qg5+ 23. Kd1 Nxc3+ 24. Qxc3 Qe3 0-1

[Event "PRAGUE OPEN 2020 - B - FIDE open"]
[Site "Praha, Olympik hotel"]
[Date "2020.01.12"]
[Round "4"]
[White "FORD, Clifton P"]
[Black "BRIDGEMAN, Matthew"]
[Result "0-1"]
[WhiteElo "1803"]
[BlackElo "1567"]
[PlyCount "26"]
[EventDate "2020.01.10"]

1. d4 e6 2. c4 f5 3. Nf3 Nf6 4. g3 Be7 5. Bg2 O-O 6. Nc3 d6 7. O-O Ne4 8. Qd3
Nxc3 9. bxc3 Nc6 10. Rd1 Kh8 11. d5 Na5 12. e4 e5 13. Be3 fxe4 0-1

[Event "PRAGUE OPEN 2020 - B - FIDE open"]
[Site "Praha, Olympik hotel"]
[Date "2020.01.12"]
[Round "4"]
[White "STRATE, Wolfgang"]
[Black "MITHULA, Venugopal Srinivasan"]
[Result "1/2-1/2"]
[WhiteElo "1601"]
[BlackElo "1356"]
[PlyCount "31"]
[EventDate "2020.01.10"]

1. d4 Nf6 2. Bf4 g6 3. Nf3 Bg7 4. Nbd2 d5 5. e3 O-O 6. Bd3 Bg4 7. h3 Bd7 8. O-O
c6 9. Ne5 Be6 10. c3 Qc8 11. g4 Nbd7 12. Kh2 Nxe5 13. Bxe5 Ne8 14. Bxg7 Nxg7
15. f4 Kh8 16. Qf3 1/2-1/2

[Event "PRAGUE OPEN 2020 - A - IM open"]
[Site "?"]
[Date "2020.01.13"]
[Round "5"]
[White "Quesada Vera, Liordis"]
[Black "Quesada Perez, Luis Ernesto"]
[Result "0-1"]
[BlackElo "2491"]
[WhiteElo "2386"]
[LiveChessVersion "1.4.8"]

1. e4 {[%clk 1:30:28]} c5 {[%clk 1:30:48]} 2. Nf3 {[%clk 1:30:43]} d6
{[%clk 1:31:11]} 3. Nc3 {[%clk 1:31:01]} Nf6 {[%clk 1:30:53]} 4. d4
{[%clk 1:31:23]} cxd4 {[%clk 1:31:16]} 5. Nxd4 {[%clk 1:31:44]} a6
{[%clk 1:31:42]} 6. Bg5 {[%clk 1:32:07]} e6 {[%clk 1:31:05]} 7. Qd2
{[%clk 1:31:06]} h6 {[%clk 1:29:55]} 8. Bxf6 {[%clk 1:28:18]} Qxf6
{[%clk 1:30:11]} 9. O-O-O {[%clk 1:28:38]} Nc6 {[%clk 1:28:35]} 10. Qe3
{[%clk 1:26:23]} Qd8 {[%clk 1:16:47]} 11. f4 {[%clk 1:23:04]} Be7
{[%clk 1:16:29]} 12. Kb1 {[%clk 1:18:15]} Bd7 {[%clk 1:14:22]} 13. Nf3
{[%clk 1:17:58]} Qa5 {[%clk 1:12:18]} 14. g4 {[%clk 1:17:35]} g5 {[%clk 0:55:47]}
15. h4 {[%clk 0:53:28]} gxf4 {[%clk 0:55:22]} 16. Qxf4 {[%clk 0:53:49]} Ne5
{[%clk 0:46:00]} 17. Be2 {[%clk 0:51:54]} O-O-O {[%clk 0:45:22]} 18. Nxe5
{[%clk 0:43:50]} Qxe5 {[%clk 0:45:40]} 19. Qxf7 {[%clk 0:44:06]} Bf6
{[%clk 0:45:15]} 20. Rxd6 {[%clk 0:39:30]} Rhf8 {[%clk 0:38:15]} 21. Rxd7
{[%clk 0:39:49]} Rxf7 {[%clk 0:38:38]} 22. Rxf7 {[%clk 0:40:14]} Rd2
{[%clk 0:20:07]} 23. Bd3 {[%clk 0:29:49]} Rg2 {[%clk 0:19:52]} 24. Rf1
{[%clk 0:16:48]} Bxh4 {[%clk 0:19:31]} 25. Rh7 {[%clk 0:17:01]} Rf2
{[%clk 0:09:16]} 26. Rxf2 {[%clk 0:10:37]} Bxf2 {[%clk 0:09:44]} 27. Rxh6
{[%clk 0:09:08]} Qg5 {[%clk 0:07:45]} 28. Rh1 {[%clk 0:04:24]} Qxg4
{[%clk 0:07:59]} 29. Rh8+ {[%clk 0:01:15]} Kc7 {[%clk 0:08:10]} 30. Rh7+
{[%clk 0:01:37]} Kc6 {[%clk 0:08:10]} 31. a4 {[%clk 0:01:50]} Bd4
{[%clk 0:08:30]} 32. Ne2 {[%clk 0:01:07]} Be5 {[%clk 0:08:31]} 33. Ka2
{[%clk 0:00:53]} Qg5 {[%clk 0:06:53]} 34. Nc3 {[%clk 0:00:47]} Qd2
{[%clk 0:05:25]} 35. Kb3 {[%clk 0:00:49]} Qe3 {[%clk 0:05:41]} 36. Re7
{[%clk 0:00:43]} Qb6+ {[%clk 0:04:44]} 37. Ka2 {[%clk 0:00:42]} Kd6
{[%clk 0:05:04]} 38. Rh7 {[%clk 0:00:43]} Qb4 {[%clk 0:05:13]} 39. Nd1
{[%clk 0:00:38]} Qxa4+ {[%clk 0:05:30]} 40. Kb1 {[%clk 0:01:07]} Qd4
{[%clk 0:05:27]} 41. Rf7 {[%clk 0:25:32]} b5 {[%clk 0:34:42]} 42. Rf3
{[%clk 0:25:44]} Qg1 {[%clk 0:33:37]} 43. Rf1 {[%clk 0:25:39]} Qg5
{[%clk 0:24:32]} 44. c3 {[%clk 0:24:39]} Qd2 {[%clk 0:23:37]} 45. Bc2
{[%clk 0:25:05]} Ke7 {[%clk 0:22:45]} 46. Nf2 {[%clk 0:22:50]} b4
{[%clk 0:22:37]} 47. cxb4 {[%clk 0:22:26]} Qe2 {[%clk 0:22:37]} 0-1

[Event "PRAGUE OPEN 2020 - A - IM open"]
[Site "?"]
[Date "2020.01.13"]
[Round "5"]
[White "Stankovic, Milos"]
[Black "Strebkovs, Andrejs"]
[Result "1-0"]
[BlackElo "2278"]
[WhiteElo "2466"]
[LiveChessVersion "1.4.8"]

1. e4 {[%clk 1:29:46]} e5 {[%clk 1:30:56]} 2. Nf3 {[%clk 1:28:46]} Nf6
{[%clk 1:31:20]} 3. d4 {[%clk 1:28:45]} Nxe4 {[%clk 1:31:34]} 4. Bd3
{[%clk 1:28:45]} d5 {[%clk 1:31:42]} 5. Nxe5 {[%clk 1:28:41]} Nd7
{[%clk 1:31:15]} 6. Nc3 {[%clk 1:22:13]} Nxe5 {[%clk 1:28:02]} 7. dxe5
{[%clk 1:22:10]} Nxc3 {[%clk 1:27:25]} 8. bxc3 {[%clk 1:22:24]} Be7
{[%clk 1:25:56]} 9. O-O {[%clk 1:20:42]} O-O {[%clk 1:24:06]} 10. f4
{[%clk 1:19:35]} f5 {[%clk 1:22:21]} 11. Be3 {[%clk 1:17:41]} Be6
{[%clk 1:19:06]} 12. Rb1 {[%clk 1:14:49]} b6 {[%clk 1:17:15]} 13. Qf3
{[%clk 1:04:55]} c5 {[%clk 1:13:03]} 14. Rfd1 {[%clk 1:03:48]} Qc7
{[%clk 1:12:01]} 15. Bf2 {[%clk 1:00:02]} Rad8 {[%clk 1:11:23]} 16. h4
{[%clk 0:57:58]} d4 {[%clk 0:57:22]} 17. c4 {[%clk 0:53:21]} Qd7 {[%clk 0:56:10]}
18. Rb5 {[%clk 0:49:34]} Qc8 {[%clk 0:53:19]} 19. h5 {[%clk 0:47:08]} Bd7
{[%clk 0:50:31]} 20. Rb3 {[%clk 0:45:52]} Bc6 {[%clk 0:47:18]} 21. Qh3
{[%clk 0:45:51]} Qe6 {[%clk 0:46:36]} 22. Re1 {[%clk 0:44:31]} Rb8
{[%clk 0:38:19]} 23. Rbb1 {[%clk 0:39:44]} Bd7 {[%clk 0:34:49]} 24. Rbd1
{[%clk 0:37:30]} a6 {[%clk 0:32:49]} 25. Bf1 {[%clk 0:36:17]} b5 {[%clk 0:31:06]}
26. c3 {[%clk 0:33:15]} dxc3 {[%clk 0:26:13]} 27. Qxc3 {[%clk 0:33:35]} b4
{[%clk 0:26:14]} 28. Qf3 {[%clk 0:31:39]} Ba4 {[%clk 0:23:24]} 29. Qd5
{[%clk 0:29:08]} Rb6 {[%clk 0:22:37]} 30. Qxe6+ {[%clk 0:28:49]} Rxe6
{[%clk 0:23:04]} 31. Rd5 {[%clk 0:29:09]} Bc6 {[%clk 0:13:30]} 32. g3
{[%clk 0:18:34]} Rh6 {[%clk 0:09:12]} 33. Bxc5 {[%clk 0:16:30]} Bxd5
{[%clk 0:08:12]} 34. Bxe7 {[%clk 0:16:54]} Bf3 {[%clk 0:07:14]} 35. Bxf8
{[%clk 0:09:10]} Kxf8 {[%clk 0:07:39]} 36. c5 {[%clk 0:09:07]} Bxh5
{[%clk 0:06:44]} 37. Bg2 {[%clk 0:08:14]} Be8 {[%clk 0:02:23]} 38. e6
{[%clk 0:08:11]} Ke7 {[%clk 0:02:20]} 39. c6 {[%clk 0:08:39]} Kd6
{[%clk 0:01:07]} 40. e7 {[%clk 0:06:46]} Kc7 {[%clk 0:00:43]} 41. Re5
{[%clk 0:05:35]} Rd6 {[%clk 0:24:53]} 42. Bd5 {[%clk 0:28:49]} a5
{[%clk 0:18:56]} 43. Rxf5 {[%clk 0:27:47]} Rf6 {[%clk 0:12:53]} 44. Re5
{[%clk 0:27:33]} a4 {[%clk 0:12:05]} 45. Bf3 {[%clk 0:25:11]} Kb6
{[%clk 0:08:49]} 46. Rb5+ {[%clk 0:23:54]} 1-0

[Event "PRAGUE OPEN 2020 - A - IM open"]
[Site "?"]
[Date "2020.01.13"]
[Round "5"]
[White "Vokac, Marek"]
[Black "Cernousek, Lukas"]
[Result "1/2-1/2"]
[BlackElo "2447"]
[WhiteElo "2334"]
[LiveChessVersion "1.4.8"]

1. c4 {[%clk 1:30:49]} c5 {[%clk 1:30:44]} 2. Nc3 {[%clk 1:31:01]} g6
{[%clk 1:31:08]} 3. g3 {[%clk 1:29:25]} Bg7 {[%clk 1:31:32]} 4. Bg2
{[%clk 1:29:49]} Nc6 {[%clk 1:31:55]} 5. e4 {[%clk 1:28:48]} e6 {[%clk 1:30:05]}
6. Nge2 {[%clk 1:28:33]} Nge7 {[%clk 1:30:27]} 7. d3 {[%clk 1:28:57]} O-O
{[%clk 1:25:19]} 8. O-O {[%clk 1:28:56]} d6 {[%clk 1:22:24]} 9. a3
{[%clk 1:29:06]} b6 {[%clk 1:10:10]} 10. b4 {[%clk 1:20:54]} Bb7 {[%clk 1:07:22]}
11. b5 {[%clk 1:19:39]} Nd4 {[%clk 1:02:47]} 12. Nxd4 {[%clk 1:19:49]} Bxd4
{[%clk 0:59:48]} 13. Qb3 {[%clk 1:16:54]} Bg7 {[%clk 0:50:45]} 14. Ra2
{[%clk 1:02:31]} Qd7 {[%clk 0:49:22]} 15. a4 {[%clk 0:59:39]} Rad8
{[%clk 0:43:33]} 1/2-1/2

[Event "PRAGUE OPEN 2020 - A - IM open"]
[Site "?"]
[Date "2020.01.13"]
[Round "5"]
[White "Sharma, Isha"]
[Black "Liu, Zhaoqi"]
[Result "1/2-1/2"]
[BlackElo "2328"]
[WhiteElo "2169"]
[LiveChessVersion "1.4.8"]

1. e4 {[%clk 1:30:56]} e6 {[%clk 1:29:22]} 2. d4 {[%clk 1:31:21]} d5
{[%clk 1:29:45]} 3. Nd2 {[%clk 1:31:33]} Be7 {[%clk 1:30:09]} 4. Ngf3
{[%clk 1:31:32]} Nf6 {[%clk 1:30:24]} 5. Bd3 {[%clk 1:31:30]} c5 {[%clk 1:30:41]}
6. e5 {[%clk 1:31:47]} Nfd7 {[%clk 1:31:06]} 7. c3 {[%clk 1:32:12]} a5
{[%clk 1:30:41]} 8. O-O {[%clk 1:31:58]} Nc6 {[%clk 1:31:07]} 9. Re1
{[%clk 1:27:17]} cxd4 {[%clk 1:31:30]} 10. cxd4 {[%clk 1:26:13]} Qb6
{[%clk 1:31:56]} 11. Qa4 {[%clk 1:10:44]} g5 {[%clk 1:22:13]} 12. h3
{[%clk 1:03:25]} h5 {[%clk 1:22:19]} 13. Nb3 {[%clk 1:03:01]} g4 {[%clk 1:22:20]}
14. hxg4 {[%clk 1:02:23]} hxg4 {[%clk 1:22:42]} 15. Nh2 {[%clk 1:02:33]} g3
{[%clk 1:01:40]} 16. Nf3 {[%clk 0:59:56]} Nb4 {[%clk 0:45:53]} 17. Bb1
{[%clk 0:57:24]} Qa6 {[%clk 0:43:02]} 18. Nbd2 {[%clk 0:54:42]} gxf2+
{[%clk 0:39:28]} 19. Kxf2 {[%clk 0:55:06]} Nd3+ {[%clk 0:39:47]} 20. Bxd3
{[%clk 0:55:23]} Qxd3 {[%clk 0:40:14]} 21. Nf1 {[%clk 0:53:27]} b5
{[%clk 0:31:46]} 22. Qd1 {[%clk 0:53:15]} Qxd1 {[%clk 0:32:09]} 23. Rxd1
{[%clk 0:53:41]} Nb6 {[%clk 0:32:33]} 24. Bf4 {[%clk 0:52:15]} Ba6
{[%clk 0:31:19]} 25. Rac1 {[%clk 0:51:40]} Kd7 {[%clk 0:31:37]} 26. Rc2
{[%clk 0:50:17]} Rac8 {[%clk 0:30:16]} 27. Rdc1 {[%clk 0:50:38]} Rxc2+
{[%clk 0:30:42]} 28. Rxc2 {[%clk 0:51:04]} Rg8 {[%clk 0:30:45]} 29. Ne3
{[%clk 0:50:30]} b4 {[%clk 0:30:38]} 30. Nd2 {[%clk 0:50:11]} Bd3
{[%clk 0:28:17]} 31. Rc1 {[%clk 0:50:34]} a4 {[%clk 0:28:44]} 32. Kf3
{[%clk 0:48:27]} Bg6 {[%clk 0:27:10]} 33. g4 {[%clk 0:44:47]} Nc8
{[%clk 0:26:39]} 34. Ng2 {[%clk 0:36:19]} Na7 {[%clk 0:24:29]} 35. Be3
{[%clk 0:36:39]} Nc6 {[%clk 0:21:25]} 36. Nf4 {[%clk 0:31:08]} Bd8
{[%clk 0:20:31]} 37. Nxg6 Rxg6 {[%clk 0:20:57]} 38. Kg3 {[%clk 0:28:50]} f5
{[%clk 0:10:24]} 39. exf6 {[%clk 0:23:51]} Bxf6 {[%clk 0:10:46]} 40. Nf3
{[%clk 0:23:42]} e5 {[%clk 0:11:05]} 41. Rd1 {[%clk 0:17:01]} exd4
{[%clk 0:05:49]} 42. Bf4 {[%clk 0:09:41]} Rg8 {[%clk 0:28:55]} 43. g5
{[%clk 0:39:24]} Ne7 {[%clk 0:27:57]} 44. Kg4 {[%clk 0:38:20]} Bg7
{[%clk 0:22:15]} 1/2-1/2